Listed buildings and conservation areas : the Housing and Planning Act 1986 and other recent developments (Record no. 4273)

MARC details
000 -LEADER
fixed length control field 01145cab a2200205 4500
001 - CONTROL NUMBER
control field ABS37851
008 - FIXED-LENGTH DATA ELEMENTS--GENERAL INFORMATION
fixed length control field 090401t1987 xxu||||| |||| 00| 0 eng d
035 ## - SYSTEM CONTROL NUMBER
System control number (Sirsi) u7148
041 ## - LANGUAGE CODE
Language code of text/sound track or separate title eng
100 ## - MAIN ENTRY--PERSONAL NAME
Personal name Mynors, C.
245 ## - TITLE STATEMENT
Title Listed buildings and conservation areas : the Housing and Planning Act 1986 and other recent developments
260 ## - PUBLICATION, DISTRIBUTION, ETC.
Date of publication, distribution, etc. 1987
350 ## - PRICE (NR) (BK AM CF MU VM SE) [OBSOLETE]
Price 0
490 ## - SERIES STATEMENT
Series statement Journal of Planning and Environment Law
Volume/sequential designation (1987) JPL 396-419(24)
520 ## - SUMMARY, ETC.
Summary, etc. The Housing and Planning Act 1986 has brought about changes to the law relating to listed buildings and conservation areas. In addition to these changes to primary legislation, a new set of regulations, Town and Country Planning (Listed Buildings and Buildings in Conservation Areas) Regulations 1987 have been made to replace the 1977 regulations. A major new circular (8/87) has also been produced by the DOE. This article describes the effects of these and other relevant changes in legislation and also comments on recent judicial decisions in this field.
650 ## - SUBJECT ADDED ENTRY--TOPICAL TERM
Topical term or geographic name entry element DOE CIRCULAR 08/1987
690 ## - LOCAL SUBJECT ADDED ENTRY--TOPICAL TERM (OCLC, RLIN)
Topical term or geographic name as entry element PLANNING LAW AND PRACTICE
942 ## - ADDED ENTRY ELEMENTS (KOHA)
Suppress in OPAC 0
948 ## - LOCAL PROCESSING INFORMATION (OCLC); SERIES PART DESIGNATOR (RLIN)
c (OCLC) 04/03/1997
Holdings
Withdrawn status Lost status Source of classification or shelving scheme Damaged status Not for loan Home library Current library Shelving location Date acquired Total Checkouts Full call number Barcode Date last seen Copy number Price effective from Koha item type
    Dewey Decimal Classification     London London Journal article 14/09/1999   ABS37851 7148-1001 06/08/2019 1 06/08/2019 Journal article